000 00467nam a2200145Ia 4500
041 _aArabic
082 _a341.6 cut-794 غ
100 _a20260118u\\\\\\\\\\\y0engy0103\\\\ba
100 _aعبدالغفور كريم علي غفور
245 0 _aالقانون الدولي والعلاقات الدولية رؤية اسلامية للسلام والحرب
250 _aط1
260 _bمطبعة شهاب
_aاربيل
_c2011
300 _a175
942 _cBk
999 _c190527
_d190527